000 02308nam a2200205Ii 4500
008 221202s xx 000 0 und d
100 1 _aRowe, John Carlos,
_eauthor
245 4 _aThe Cultural Politics of the New American Studies
264 _bOpen Humanities Press
_c2012
300 _a1 online resource
336 _atext
_btxt
_2rdacontent
337 _acomputer
_bc
_2rdamedia
338 _aonline resource
_bcr
_2rdacarrier
520 _aIn The Cultural Politics of the New American Studies, leading American Studies scholar John Carlos Rowe responds to two urgent questions for intellectuals. First, how did neoliberal ideology use the issues of feminism, gay rights, multiculturalism, transnationalism and globalization, class mobility, religious freedom, and freedom of speech and cultural expression to justify a new -American Exceptionalism,- designed to support U.S. economic, political, military, and cultural expansion around the world in the past two decades? Second, if neoliberalism has employed successfully various cultural media, then what are the best means of criticizing its main claims and fundamental purposes? Is it possible under these circumstances to imagine a -counter-culture,- which might effectively challenge neoliberalism or is such an alternative already controlled and contained by such labels as -political correctness,- -the far left,- -radicalism,- -extremism,- even -terrorism,- which in the popular imagination refer to political and social minorities, doomed thereby to marginalization? Rowe argues that the tradition of -cultural criticism- advocated by influential public intellectuals, like Edward Said, can be adapted to the new circumstances demanded by the hegemony of neoliberalism and its successful command of new media. Yet rather than simply honoring such important predecessors as Said, we need to reconceive the role of the public intellectual as more than just an -interdisciplinary scholar- but also as a social critic able to negotiate the different media.
653 _aAmerican Studies
653 _aCultural Criticism
653 _aNeoliberal Ideology
856 _uhttps://docs.google.com/spreadsheets/d/1yKIrdCPDAG_9c22mwoOIO2DOhtj65Wqa/edit?usp=sharing&ouid=106555315294820607512&rtpof=true&sd=true
_yList of Curated E-Books
942 _cE-BOOK
999 _c97172
_d97169